3 Kıyamet Mağarası (Record no. 642732)

MARC details
000 -LEADER
sabit uzunluktaki kontrol alanı 00245nam a2200097Ia 4500
001 - KONTROL NUMARASI
kontrol alanı 642732
005 - EN SON İŞLEMİN TARİH VE ZAMANI
kontrol alanı 20250826153532.0
008 - SABİT-UZUNLUKTA VERİ ÖĞELERİ--GENEL BİLGİ
sabit uzunluktaki kontrol alanı 250824s9999 xx 000 0 und d
245 #0 - ESER / YAZAR
ESER ADI 3 Kıyamet Mağarası
Yazar Adı Kate McMullan
260 ## - YAYIN, DAĞITIM, VB.
YAYIN EVİ BEYAZ BALİNA
Holdings
Düşüm durumu Kayıp durumu Hasar Durumu Ödünç verilmez Ana kütüphane Geçerli Kütüphane Edinilen tarih Toplam ödünç verme sayısı Barkod Son görüntüleme tarihi Son ödünç verme tarihi Fiyatın geçerli olmaya başladığı tarih Koha materyal türü
        AKINCILAR AHMET HAŞHAŞ İLKOKULU AKINCILAR AHMET HAŞHAŞ İLKOKULU 24.08.2025 3 1004404 29.04.2026 26.02.2026 26.08.2025 Books